Quartiers de Paris - Carte Quiz - Statistiques

Statistiques générales
  • Ce quiz a été pris 3 774 fois
  • Le résultat moyen est 18 sur 80
Réponses sur la Carte
Les réponses sont colorées sur une échelle allant du rouge au vert en fonction du pourcentage des utilisateurs qui les ont devinées à leur premier essai. Vous pouvez retrouver ces pourcentages ci-dessous.
 
Statistiques - réponses
Réponse % Correct
Champs-Élysées
47%
Bercy
42%
Auteuil
40%
Montparnasse
38%
Invalides
36%
Jardin-des-Plantes
33%
Javel
33%
Notre-Dame
33%
Halles
31%
Sorbonne
31%
Batignolles
30%
Clignancourt
30%
École-Militaire
30%
Palais-Royal
30%
Villette
30%
Parc-de-Montsouris
29%
Place-Vendôme
29%
Porte-Dauphine
29%
Belleville
28%
Père-Lachaise
28%
Arts-et-Métiers
27%
Saint-Germain-des-Prés
27%
Chapelle
26%
Maison-Blanche
26%
Odéon
26%
Grenelle
25%
Muette
25%
Petit-Montrouge
25%
Saint-Germain-l'Auxerrois
25%
Arsenal
24%
Chaillot
24%
Picpus
24%
Europe
23%
Gros-Caillou
23%
Madeleine
23%
Ternes
23%
Bel-Air
22%
Goutte-d'Or
22%
Notre-Dame-des-Champs
22%
Salpêtrière
22%
Bonne-Nouvelle
21%
Charonne
21%
Necker
21%
Plaisance
21%
Archives
20%
Amérique
19%
Chaussée-d'Antin
19%
Gare
19%
Plaine-de-Monceaux
19%
Val-de-Grâce
19%
Épinettes
18%
Faubourg-Montmartre
18%
Hôpital-Saint-Louis
18%
Rochechouart
18%
Enfants-Rouges
17%
Monnaie
17%
Porte-Saint-Martin
17%
Quinze-Vingts
17%
Croulebarbe
16%
Roquette
16%
Saint-Ambroise
16%
Saint-Georges
16%
Saint-Lambert
16%
Saint-Thomas-d'Aquin
16%
Vivienne
16%
Faubourg-du-Roule
15%
Grandes-Carrières
15%
Porte-Saint-Denis
15%
Saint-Fargeau
15%
Combat
14%
Folie-Méricourt
14%
Mail
14%
Pont-de-Flandre
14%
Saint-Merri
14%
Saint-Victor
14%
Saint-Gervais
13%
Gaillon
12%
Saint-Vincent-de-Paul
12%
Sainte-Marguerite
11%
Sainte-Avoye
10%
Aucun quiz correspondant
Distribution des résultats
% des personnes avec chaque résultat
Percentile par nombre de réponses
Votre historique - résultats
Vous n’avez pas pris ce quiz